| Tag |
First Indicator |
Second Indicator |
Subfields |
| LEADER |
00000cam a2200000 i 4500 |
| 001 |
in00005632607 |
| 006 |
m o d |
| 007 |
cr |n|---||||a |
| 008 |
061024s2003 vau o 000 0 eng d |
| 005 |
20250331200941.9 |
| 035 |
|
|
|a (OCoLC)ocn156282222
|
| 040 |
|
|
|a UAB
|b eng
|e pn
|c UAB
|d OCLCG
|d ALSTP
|d OCLCQ
|d U3G
|d OCLCO
|d OCLCQ
|d OCLCF
|d OCLCO
|d OCLCQ
|d OCLCO
|d RRP
|d EYM
|d OCLCO
|d LVT
|d UAB
|d DKU
|d OCLCO
|d OCLCQ
|d OCLCO
|d OCLCL
|d OCLCQ
|
| 019 |
|
|
|a 593397623
|a 1237046369
|
| 035 |
|
|
|a (OCoLC)156282222
|z (OCoLC)593397623
|z (OCoLC)1237046369
|
| 050 |
|
4 |
|a PN1997.A1
|
| 049 |
|
|
|a TXAM
|
| 100 |
1 |
|
|a Hart, Moss,
|d 1904-1961.
|1 https://id.oclc.org/worldcat/entity/E39PBJcwC3jP7mKGBWKyWMV9jC
|
| 245 |
1 |
2 |
|a A star is born (1954) :
|b continuity script /
|c written by Moss Hart ; script story by Robert Carson and Dorothy Parker.
|
| 250 |
|
|
|a [1st electronic ed.].
|
| 260 |
|
|
|a Alexandria, VA :
|b Alexander Street Press,
|c 2003.
|
| 300 |
|
|
|a 1 online resource.
|
| 336 |
|
|
|a text
|b txt
|2 rdacontent
|
| 337 |
|
|
|a computer
|b c
|2 rdamedia
|
| 338 |
|
|
|a online resource
|b cr
|2 rdacarrier
|
| 490 |
1 |
|
|a American film scripts online.
|
| 500 |
|
|
|a Title from HTML t.p. (viewed Dec. 10, 2006).
|
| 650 |
|
0 |
|a Motion picture plays, American.
|
| 650 |
|
6 |
|a Scénarios de cinéma américains.
|
| 650 |
|
7 |
|a Motion picture plays, American
|2 fast
|
| 655 |
|
7 |
|a Electronic books.
|2 local
|
| 655 |
|
7 |
|a screenplays.
|2 aat
|
| 655 |
|
7 |
|a Screenplays
|2 fast
|
| 655 |
|
7 |
|a Motion picture plays.
|2 gsafd
|
| 655 |
|
7 |
|a Screenplays.
|2 lcgft
|
| 655 |
|
7 |
|a Scénarios de cinéma.
|2 rvmgf
|
| 700 |
1 |
|
|a Carson, Robert,
|d 1909-1983.
|1 https://id.oclc.org/worldcat/entity/E39PBJjmV7gF7xp74PDWbQp3wC
|
| 700 |
1 |
|
|a Parker, Dorothy,
|d 1893-1967.
|1 https://id.oclc.org/worldcat/entity/E39PBJvH9WmHXqghwqhWkck7HC
|
| 710 |
2 |
|
|a Alexander Street (Firm)
|
| 758 |
|
|
|i has work:
|a A star is born (1954) (Text)
|1 https://id.oclc.org/worldcat/entity/E39PCGf9WmW4r6khfTM3hptyJP
|4 https://id.oclc.org/worldcat/ontology/hasWork
|
| 830 |
|
0 |
|a American film scripts online.
|
| 856 |
4 |
0 |
|u http://proxy.library.tamu.edu/login?url=https://www.aspresolver.com/aspresolver.asp?AFSO;FS000565
|z Connect to the full text of this electronic book
|t 0
|
| 936 |
|
|
|a BATCHLOAD
|
| 955 |
|
|
|a Alexander Press - Film Scripts Online Vol. 1
|
| 994 |
|
|
|a 92
|b TXA
|
| 999 |
f |
f |
|s d2e3bbc5-92fe-40e5-8009-ac364366b4f4
|i 09364441-4d01-453f-8f80-ec9c6184f63e
|t 0
|
| 952 |
f |
f |
|a Texas A&M University
|b College Station
|c Electronic Resources
|d Available Online
|t 0
|e PN1997.A1
|h Library of Congress classification
|
| 998 |
f |
f |
|a PN1997.A1
|t 0
|l Available Online
|